Geometry of topological stability

Αποθηκεύτηκε σε:
Λεπτομέρειες βιβλιογραφικής εγγραφής
Κύριος συγγραφέας: Du Plessis, Andrew
Άλλοι συγγραφείς: Wall, C. T. C. (Charles Terence Clegg)
Μορφή: Βιβλίο
Γλώσσα:English
Δημοσίευση: Oxford : Clarendon Press, 1995
Σειρά:London Mathematical Society monographs ; new series ; ; 9
Θέματα:
Ετικέτες: Προσθήκη ετικέτας
Δεν υπάρχουν, Καταχωρήστε ετικέτα πρώτοι!

MARC

LEADER 00000nam a2200000 i 4500
001 1/72903
008 990510s1995 eng d
020 |a 0-19-853588-0 
035 |l 10048670 
040 |a GR-MY-UA  |b gre  |e aacr 
041 0 |a eng 
082 0 |a 514.74 
100 1 |a Du Plessis, Andrew. 
245 1 0 |a Geometry of topological stability /  |c Andrew Du Plessis, and Terry Wall 
260 |a Oxford :   |b Clarendon Press,   |c 1995 
300 |a viii, 572 p.;  |b ill.;  |c 24 cm. 
490 1 |a London Mathematical Society monographs ; new series  |v ; 9 
504 |a Includes bibliographical references and index 
650 0 0 |a Singularities (Mathematics) 
650 0 0 |a Stratified sets. 
650 0 0 |a Stability. 
700 1 |a Wall, C. T. C.  |d (Charles Terence Clegg) 
830 0 |a London Mathematical Society monographs ; new series ;  |v ; 9 
852 |a INST  |b SAMOS  |e 19990510  |h 514.74 DUP  |p 005300013053  |q 005300013053  |t BK  |y 0 
901 |a BIBL3-1999-2 
909 |a Σ  |b 064028 
922 |a 3ΕΛΗ  |b 199901  |c ΚΠΣ  |d GLORY